La mentalidad revolucionaria
Saved in:
| Hovedforfatter: | |
|---|---|
| Format: | Bog |
| Sprog: | spansk |
| Udgivet: |
Barcelona
Crítica
1989
|
| Serier: | Serie General Las Ideas
|
| Fag: | |
| Tags: |
Tilføj Tag
Ingen Tags, Vær først til at tagge denne postø!
|
MARC
| LEADER | 00000nam a2200000 a 4500 | ||
|---|---|---|---|
| 001 | UCM0481 | ||
| 003 | CL-VaPUC | ||
| 008 | 020301e19890000SP |||||||||||||||||spa|d | ||
| 082 | 0 | 4 | |a 303.64 |b VOV |2 21 |
| 100 | 0 | |a Vovelle, Michel |e author |9 467298 | |
| 245 | 1 | 3 | |a La mentalidad revolucionaria |
| 300 | |a 314 p | ||
| 942 | |c BK | ||
| 945 | |d 20020301 00:00:00 |a cmena | ||
| 260 | |a Barcelona |b Crítica |c 1989 | ||
| 650 | 0 | |a Conflictos sociales |9 372024 | |
| 650 | 0 | |a Revolución francesa |9 324244 | |
| 650 | 0 | |a Cambio social |9 256857 | |
| 583 | |a last modification |c 20020301 00:00:00 |k Rodrigo Vera | ||
| 490 | 0 | |a Serie General Las Ideas | |
| 999 | |c 299385 |d 299383 | ||
| 952 | |0 0 |1 0 |4 0 |6 303_640000000000000_VOV_1989 |7 0 |8 A |9 355911 |a BIBHIS |b BIBHIS |d 2019-11-21 |i 3793737 |o 303.64 VOV 1989 |p 3793737 |r 2025-01-20 |w 2019-11-21 |y BK |k HIS | ||